Southville International School and Colleges
Your cart is empty.
  • Cart
  • Lists
    Public lists Eva Luna New books Lux_list list_1
    Your lists Log in to create your own lists
  • Log in to your account
  • Your cookies
  • Search history
Southville International School and Colleges
  • Advanced search
  • Recent comments
  • Most popular
  • Libraries

Log in to your account

Log in with GOOGLE


If you do not have an external account, but do have a local account, you can still log in:

  1. Home
  2. MARC view: How do dinosaur get well soon? /
Normal view MARC view ISBD view

How do dinosaur get well soon? / (Record no. 298951)

[ view plain ]
MARC details
000 -LEADER
fixed length control field 00683nam a2200253Ia 4500
008 - FIXED-LENGTH DATA ELEMENTS--GENERAL INFORMATION
fixed length control field 160803s9999 xx 000 0 und d
020 ## - INTERNATIONAL STANDARD BOOK NUMBER
International Standard Book Number 9780439241014
100 ## - MAIN ENTRY--PERSONAL NAME
Personal name Yolen, Jane
245 ## - TITLE STATEMENT
Title How do dinosaur get well soon? /
245 ## - TITLE STATEMENT
Statement of responsibility, etc Jane Yolen ; illustrated by Mark Teague.
260 ## - PUBLICATION, DISTRIBUTION, ETC. (IMPRINT)
Place of publication, distribution, etc New York :
260 ## - PUBLICATION, DISTRIBUTION, ETC. (IMPRINT)
Name of publisher, distributor, etc Scholastic Inc.
260 ## - PUBLICATION, DISTRIBUTION, ETC. (IMPRINT)
Date of publication, distribution, etc 2003
300 ## - PHYSICAL DESCRIPTION
Extent 1 volume (unpaged) :
300 ## - PHYSICAL DESCRIPTION
Other physical details color illustrations ;
300 ## - PHYSICAL DESCRIPTION
Dimensions 31 cm
500 ## - GENERAL NOTE
General note Originally published: New York : Blue Sky Press, 2003.
650 ## - SUBJECT ADDED ENTRY--TOPICAL TERM
Topical term or geographic name as entry element Dinosaurs --
650 ## - SUBJECT ADDED ENTRY--TOPICAL TERM
Topical term or geographic name as entry element Sick --
650 ## - SUBJECT ADDED ENTRY--TOPICAL TERM
Topical term or geographic name as entry element Stories in rhyme.
650 ## - SUBJECT ADDED ENTRY--TOPICAL TERM
General subdivision Fiction.
650 ## - SUBJECT ADDED ENTRY--TOPICAL TERM
General subdivision Fiction.
700 ## - ADDED ENTRY--PERSONAL NAME
Personal name 230
Holdings
Withdrawn status Lost status Damaged status Home library Current library Shelving location Date acquired Total Checkouts Barcode Date last seen Price effective from Koha item type
      Stonyhurst Southville International School (Batangas) Stonyhurst Southville International School (Batangas) Lexiled 08/03/2016   SC-877 08/03/2016 08/03/2016 Books

How do dinosaur get well soon? /

APA

Yolen J., 230, .How do dinosaur get well soon?. New York: .

Chicago

Yolen Jane, 230, .How do dinosaur get well soon?. New York: .

Harvard

Yolen J., 230, .How do dinosaur get well soon?. New York: .

MLA

Yolen Jane, 230, .New York: . .

  • Place hold
  • Print
  • Cite
  • Add to your cart (remove)
  • Save record
    BIBTEX Dublin Core MARCXML MARC (non-Unicode/MARC-8) MARC (Unicode/UTF-8) MARC (Unicode/UTF-8, Standard) MODS (XML) RIS
  • More searches
    Search for this title in:
    Other Libraries (WorldCat) Other Databases (Google Scholar) Online Stores (Bookfinder.com) Open Library (openlibrary.org)

Exporting to Dublin Core...

SOUTHVILLE LIBRARY

Southville International School and Colleges Library

1281 Tropical Ave. Cor. Luxembourg St., BF Homes International, Las Pinas City

Tel. No. 8256374 / 252358 Loc. 117/146

Powered by Koha